Loading...
Kalidasas's Poetic Voice
| Main Author: | |
|---|---|
| Format: | Printed Book |
| Published: |
Trivandrum;
University of Kerala;
1985
|
| Subjects: |
| LEADER | 00482nam a22001337a 4500 | ||
|---|---|---|---|
| 082 | |a 824 |b UMA/K | ||
| 100 | |a Umashankar, Joshi |9 318198 | ||
| 245 | |a Kalidasas's Poetic Voice | ||
| 260 | |a Trivandrum; |b University of Kerala; |c 1985 | ||
| 300 | |a 60p. | ||
| 650 | |a Poetry Study; English Literature |9 318199 | ||
| 942 | |c BK | ||
| 999 | |c 77113 |d 77113 | ||
| 952 | |0 0 |1 0 |4 0 |6 824_000000000000000_UMA_K |7 0 |8 POES |9 90416 |a MAL |b MAL |d 2017-05-10 |e TE888B |g 15.00 |l 0 |o 824 UMA/K |p MALTE000888B |r 2017-05-10 |t 1 |w 2017-05-10 |y BK | ||